00461nam a2200181 a 4500001001300000003000900013005001700022008004100039020000900080082001700089100003300106245001700139260003200156300000800188500003500196650001500231700003300246nice12345678IN_TiNIC20260116011906.0070622s1912 laha grp 000 0 urd  ac2500a297.86bAKM1 aAkmal, Muhammad Zahoor Uddin aRuhani Tabib aLahorebIslamia Pressc1912 a47p aincludes index and biblioraphy aAhmadiyyah1 aAkmal, Muhammad Zahoor Uddin